000 00234nam a22000857a 4500
008 160809b xxu||||| |||| 00| 0 eng d
100 _991
_aBrijbasi Art Press
245 _aBedtime Stories for Boys
260 _aNoida
_bBrijbasi Art Press
_c2009
999 _c2745
_d2745